Elementary school physical education ; readings /

Bibliographic Details
Main Author: Metzger, Paul A.
Format: Book
Language:English
Published: Dubuque, Iowa : W. C. Brown Co., [1972]
Subjects:

MARC

Tag First Indicator Second Indicator Subfields
LEADER 00000cam a2200000 4500
001 in00000075024
005 20151008060248.0
008 711209s1972 iau b 00010 eng
010 |a  74158473  
020 |a 0697072584 
035 |a (OCoLC)00215638 
035 |9 AAJ5420AM 
040 |a DLC  |c DLC  |d TXA  |d UtOrBLW 
049 |a TXAM  |c [1323036] 
050 0 0 |a GV443  |b .M45 
082 0 |a 372.8/6/08 
100 1 |a Metzger, Paul A. 
245 1 0 |a Elementary school physical education ;  |b readings /  |c [compiled by] Paul A. Metzger, Jr. 
264 1 |a Dubuque, Iowa :  |b W. C. Brown Co.,  |c [1972] 
300 |a xii, 179 pages ;  |c 23 cm. 
336 |a text  |b txt  |2 rdacontent 
337 |a unmediated  |b n  |2 rdamedia 
338 |a volume  |b nc  |2 rdacarrier 
504 |a Includes bibliographical references. 
650 0 |a Physical education for children. 
999 |a MARS 
999 f f |s 98a99b18-86ed-32d7-ba2c-c7af79a61d55  |i b17de326-0d61-3369-af60-f30cc247ef35  |t 0 
952 f f |p ric  |a Texas A&M University  |b Rellis Campus  |c Joint Library Facility  |d Remote Storage  |t 0  |e GV443 .M45  |h Library of Congress classification  |i unmediated -- volume  |m A14806115981 
998 f f |a GV443 .M45  |t 0  |l Remote Storage